Group theory and satistical thermodynamics / (Record no. 38572)
[ view plain ]
| 000 -LEADER | |
|---|---|
| fixed length control field | 00746nam a22002057a 4500 |
| 005 - DATE AND TIME OF LATEST TRANSACTION | |
| control field | 20100802115619.0 |
| 010 ## - LCCN (DPL NO) | |
| LC control number | ENG-97736 |
| 020 ## - INTERNATIONAL STANDARD BOOK NUMBER | |
| Terms of availability | 75.00 |
| 035 ## - SYSTEM CONTROL NUMBER | |
| System control number | EN-81269 |
| 037 ## - SOURCE OF ACQUISITION | |
| Source of stock number/acquisition | DBAD/PUB |
| 082 ## - DEWEY DECIMAL CLASSIFICATION NUMBER | |
| Classification number | 541.369 |
| 100 ## - MAIN ENTRY--PERSONAL NAME | |
| Personal name | Jayanthi, S |
| 245 ## - TITLE STATEMENT | |
| Title | Group theory and satistical thermodynamics / |
| Statement of responsibility, etc | by S. Jayanthi [and] M. Pramesh |
| 260 ## - PUBLICATION, DISTRIBUTION, ETC. (IMPRINT) | |
| Place of publication, distribution, etc | Chennai |
| Name of publisher, distributor, etc | Saratha Pathippagam |
| 270 ## - ADDRESS | |
| Address | G-4, Shanthi Apartments, 3, Sri Krishanapuram Street, Royapettah |
| City | Chennai |
| Postal code | 600014 |
| 300 ## - PHYSICAL DESCRIPTION | |
| Extent | 138p. |
| Dimensions | 21cm (pbk) |
| 700 ## - ADDED ENTRY--PERSONAL NAME | |
| Personal name | Pramesh, M |
| 9 (RLIN) | 3981 |
| 942 ## - ADDED ENTRY ELEMENTS (KOHA) | |
| Source of classification or shelving scheme | Dewey Decimal Classification |
| Item type | English Books |
| Classification part | 541.369 |
| Call number suffix | JAY |
| Withdrawn status | Lost status | Not for loan | Collection code | Home library | Current library | Date acquired | Source of acquisition | Cost, normal purchase price | Full call number | Barcode | Copy number | Cost, replacement price | Koha item type |
|---|---|---|---|---|---|---|---|---|---|---|---|---|---|
| Not For Loan | Non-fiction | D.B.Act.Division | D.B.Act.Division | 02/08/2010 | DBAD/PUB | 75.00 | 541.369 JAY | EN-81269 | 1 | 75.00 | English Books |
